Pays comptant le plus de volcans - Statistiques

Statistiques générales
  • Ce quiz a été pris 55 fois
  • Le résultat moyen est 12 sur 20
Statistiques - réponses
Nombre Pays % Correct
122 Japon
94%
165 Etats-Unis
92%
117 Russie
90%
24 Canada
84%
38 Mexique
84%
120 Indonésie
82%
34 Argentine
80%
19 France
76%
91 Chili
73%
38 Philippines
73%
35 Islande
65%
24 Nouvelle-Zélande
63%
36 Equateur
55%
46 Papouasie-Nouvelle-Guinée
41%
52 Ethiopie
39%
21 Kenya
39%
23 Guatemala
35%
20 Salvador
22%
21 Tonga
18%
19 Antarctique
2%
Aucun quiz correspondant
Distribution des résultats
% des personnes avec chaque résultat
Percentile par nombre de réponses
Votre historique - résultats
Vous n’avez pas pris ce quiz